<?xml version="1.0" encoding="UTF-8"?>
<record
    xmlns:xsi="http://www.w3.org/2001/XMLSchema-instance"
    xsi:schemaLocation="http://www.loc.gov/MARC21/slim http://www.loc.gov/standards/marcxml/schema/MARC21slim.xsd"
    xmlns="http://www.loc.gov/MARC21/slim">

  <leader>00925aaa a2200229 a 4500</leader>
  <controlfield tag="001">78420</controlfield>
  <controlfield tag="003">BD-RjUL</controlfield>
  <controlfield tag="005">20211209083128.0</controlfield>
  <controlfield tag="008">210920s19511382ir ||||| |||| 001 0 per d</controlfield>
  <datafield tag="035" ind1=" " ind2=" ">
    <subfield code="a">(BD-RjUL)78646</subfield>
  </datafield>
  <datafield tag="040" ind1=" " ind2=" ">
    <subfield code="a">BD-RjUL</subfield>
    <subfield code="b">eng</subfield>
    <subfield code="c">BD-RjUL</subfield>
  </datafield>
  <datafield tag="041" ind1=" " ind2=" ">
    <subfield code="a">per</subfield>
  </datafield>
  <datafield tag="082" ind1=" " ind2=" ">
    <subfield code="2">23</subfield>
    <subfield code="a">955</subfield>
    <subfield code="b">AMT 1951</subfield>
  </datafield>
  <datafield tag="100" ind1="1" ind2=" ">
    <subfield code="a"> &#x622;&#x645;&#x644;&#x649;,  &#x627;&#x648;&#x644;&#x64A;&#x627; &#x627;&#x644;&#x644;&#x647;  ;;  &#x100;mul&#x12B;, Awl&#x12B;y&#x101; All&#x101;h,</subfield>
    <subfield code="d"> active 1362</subfield>
    <subfield code="9">248183</subfield>
  </datafield>
  <datafield tag="245" ind1="1" ind2=" ">
    <subfield code="a">&#x62A;&#x627;&#x631;&#x64A;&#x62E; &#x631;&#x648;&#x64A;&#x627;&#x646; ;; T&#x101;r&#x12B;kh-i R&#x16B;y&#x101;n </subfield>
    <subfield code="c">&#x62A;&#x623;&#x644;&#x64A;&#x641; &#x645;&#x648;&#x644;&#x627;&#x646;&#x627; &#x627;&#x648;&#x644;&#x64A;&#x627; &#x627;&#x644;&#x644;&#x647; &#x622;&#x645;&#x644;&#x649; &#x61B; &#x67E;&#x698;&#x648;&#x647;&#x634; &#x648; &#x631;&#x627;&#x633;&#x62A;&#x64A;&#x646;&#x647;&#x6AF;&#x631;&#x62F;&#x627;&#x646;&#x649; &#x627;&#x641;&#x634;&#x64A;&#x646; &#x67E;&#x631;&#x62A;&#x648; &#x61B; &#x628;&#x631;&#x6AF;&#x631;&#x62F;&#x627;&#x646; &#x646;&#x648;&#x634;&#x62A;&#x647;&#x647;&#x627; &#x648; ;;  Olya Allah Amoli</subfield>
  </datafield>
  <datafield tag="260" ind1=" " ind2=" ">
    <subfield code="a">&#x645;&#x64A;&#x631;&#x645;&#x627;&#x647;&#x60C; [Tihr&#x101;n] : </subfield>
    <subfield code="b">M&#x12B;rm&#x101;h, </subfield>
    <subfield code="c"> 1393 [2014]</subfield>
  </datafield>
  <datafield tag="300" ind1=" " ind2=" ">
    <subfield code="a">139 p. ;</subfield>
    <subfield code="c">22 cm</subfield>
  </datafield>
  <datafield tag="650" ind1=" " ind2=" ">
    <subfield code="z">R&#x16B;y&#x101;n (Iran) -- History.</subfield>
    <subfield code="9">248184</subfield>
  </datafield>
  <datafield tag="650" ind1=" " ind2=" ">
    <subfield code="z">G&#x12B;l&#x101;n (Iran : Province) -- History.</subfield>
    <subfield code="9">248185</subfield>
  </datafield>
  <datafield tag="650" ind1=" " ind2=" ">
    <subfield code="a">Iran -- G&#x12B;l&#x101;n (Province)</subfield>
    <subfield code="9">248186</subfield>
  </datafield>
  <datafield tag="942" ind1=" " ind2=" ">
    <subfield code="2">ddc</subfield>
    <subfield code="c">BK</subfield>
  </datafield>
  <datafield tag="999" ind1=" " ind2=" ">
    <subfield code="c">78420</subfield>
    <subfield code="d">78420</subfield>
  </datafield>
  <datafield tag="952" ind1=" " ind2=" ">
    <subfield code="0">0</subfield>
    <subfield code="1">0</subfield>
    <subfield code="2">ddc</subfield>
    <subfield code="4">0</subfield>
    <subfield code="7">1</subfield>
    <subfield code="8">NFIC</subfield>
    <subfield code="a">RUCL</subfield>
    <subfield code="b">RUCL</subfield>
    <subfield code="c">Reading</subfield>
    <subfield code="d">1979-07-11</subfield>
    <subfield code="l">0</subfield>
    <subfield code="o">F 955 AMT 1951</subfield>
    <subfield code="r">2021-09-20 00:00:00</subfield>
    <subfield code="t">C-1</subfield>
    <subfield code="w">2021-09-20</subfield>
    <subfield code="y">BK</subfield>
  </datafield>
</record>
